[Event "20th EUR-ch"]
[Site "Skopje MKD"]
[Date "2019.03.22"]
[Round "5"]
[White "Ivanova, Karina"]
[Black "Berzinsh, Roland"]
[Result "0-1"]
[WhiteElo "2114"]
[BlackElo "2397"]
[EventDate "2019.03.18"]
[Board "144"]
[PlyCount "44"]

1.Nf3 d5 2.g3 g6 3.Bg2 Bg7 4.d4 c6 5.O-O Nf6 6.c4 dxc4 7.a4 Ne4 8.Qc2 Nd6 
9.Nbd2 b5 10.e4 Na6 11.b3 Nb4 12.Qc3 a5 13.bxc4 bxc4 14.e5 Nd5 15.Qc2 Bf5 
16.Qd1 Ne4 17.Nxc4 O-O 18.Bb2 Bh6 19.Re1 Nec3 20.Qb3 Qb8 21.Qxb8 Rfxb8 22.
Ba3 Nb1 {40...0-1} 0-1

[Event "20th EUR-ch"]
[Site "Skopje MKD"]
[Date "2019.03.22"]
[Round "5"]
[White "Tate, Alan"]
[Black "Sekelja, Marko"]
[Result "1/2-1/2"]
[WhiteElo "2306"]
[BlackElo "2120"]
[EventDate "2019.03.18"]
[Board "145"]
[PlyCount "70"]

1.Nf3 d5 2.c4 c6 3.e3 Nf6 4.Nc3 Nbd7 5.Qc2 e6 6.b3 Bd6 7.Bb2 b6 8.cxd5 
exd5 9.Nd4 Bb7 10.Nf5 Bf8 11.Be2 g6 12.Ng3 Bg7 13.d4 Qe7 14.O-O O-O 15.Bf3
h5 16.e4 h4 17.Nge2 dxe4 18.Nxe4 Nxe4 19.Bxe4 Nf6 20.Bf3 Nh7 21.Nf4 Ng5 
22.Bg4 Qd6 23.g3 Bxd4 24.Bxd4 Qxd4 25.Rad1 Qf6 26.Ng2 h3 27.Nf4 c5 28.Nd5 
Nf3+ 29.Kh1 Nd4 30.Qe4 Bxd5 31.Qxd5 Rad8 32.Qb7 Rb8 33.Qc7 a5 34.Bxh3 Qc6+
35.Qxc6 Nxc6 1/2-1/2

[Event "20th EUR-ch"]
[Site "Skopje MKD"]
[Date "2019.03.22"]
[Round "5"]
[White "Petkov, Momchil"]
[Black "Miloi, Pavel-Dan"]
[Result "1-0"]
[WhiteElo "2296"]
[BlackElo "2119"]
[EventDate "2019.03.18"]
[Board "146"]
[PlyCount "93"]

1.d4 d5 2.Bf4 Nf6 3.e3 c5 4.c3 Nc6 5.Nd2 e6 6.Ngf3 cxd4 7.exd4 Nh5 8.Bg5 
f6 9.Be3 Bd6 10.g3 O-O 11.Bg2 g6 12.O-O Bd7 13.c4 Ne7 14.Re1 Ng7 15.Bh6 
Re8 16.Bxg7 Kxg7 17.Bh3 Nc6 18.Re3 e5 19.Bxd7 Qxd7 20.cxd5 Nxd4 21.Ne4 Nf5
22.Rc3 Rac8 23.Rac1 Ne7 24.h4 h5 25.Qb3 b6 26.Kh2 Bb8 27.Nfd2 Rxc3 28.Nxc3
Rc8 29.Nde4 Nf5 30.Qd1 Nd4 31.Kg2 b5 32.b4 Bd6 33.a3 a5 34.Rb1 axb4 35.
axb4 Rc4 36.Qd3 Rxb4 37.Ra1 Be7 38.Ra6 Rb3 39.d6 Bd8 40.Nc5 Qc8 41.Ra7+ 
Kh6 42.Qe3+ g5 43.hxg5+ fxg5 44.Qe4 Nf5 45.Nxb3 Qxc3 46.Qxf5 Qc6+ 47.Kh2 
1-0

[Event "20th EUR-ch"]
[Site "Skopje MKD"]
[Date "2019.03.22"]
[Round "5"]
[White "Antova, Gabriela"]
[Black "Efremov, Vladislav"]
[Result "1/2-1/2"]
[WhiteElo "2286"]
[BlackElo "2115"]
[EventDate "2019.03.18"]
[Board "147"]
[PlyCount "39"]

1.d4 Nf6 2.c4 e6 3.Nf3 d5 4.Nc3 c5 5.cxd5 Nxd5 6.e4 Nxc3 7.bxc3 cxd4 8.
cxd4 Bb4+ 9.Bd2 Bxd2+ 10.Qxd2 O-O 11.Bc4 Nd7 12.O-O b6 13.Rfe1 Bb7 14.a4 
Nf6 15.Bd3 Rb8 16.Qf4 Qd7 17.Ra3 h6 18.h4 Rbc8 19.Bb1 Qc7 20.e5 {50....} 
1/2-1/2

[Event "20th EUR-ch"]
[Site "Skopje MKD"]
[Date "2019.03.22"]
[Round "5"]
[White "Asllani, Muhamet"]
[Black "Ibanez Aullana, Ramon"]
[Result "0-1"]
[WhiteElo "2105"]
[BlackElo "2283"]
[EventDate "2019.03.18"]
[Board "148"]
[PlyCount "48"]

1.e4 g6 2.d4 Bg7 3.Bc4 c6 4.c3 d5 5.exd5 cxd5 6.Bb5+ Nc6 7.Nf3 Qb6 8.Bd3 
Nh6 9.O-O O-O 10.Re1 e6 11.Nbd2 e5 12.Nxe5 Nxe5 13.dxe5 Ng4 14.Qe2 Nxe5 
15.Nf1 d4 16.cxd4 Nxd3 17.Qxd3 Bf5 18.Qf3 Rfe8 19.Be3 Qxb2 20.Ng3 Bd3 21.
Rad1 Qb5 22.h4 Bc4 23.Rb1 Qc6 24.Rxb7 Bd5 0-1

[Event "20th EUR-ch"]
[Site "Skopje MKD"]
[Date "2019.03.22"]
[Round "5"]
[White "Sokolovsky, Yahli"]
[Black "Tomashevskaya, Lidia"]
[Result "0-1"]
[WhiteElo "2278"]
[BlackElo "2112"]
[EventDate "2019.03.18"]
[Board "149"]
[PlyCount "51"]

1.e4 e5 2.Nf3 Nc6 3.Bb5 a6 4.Ba4 Nf6 5.Nc3 b5 6.Bb3 Be7 7.d3 d6 8.a3 Bg4 
9.Be3 Nd4 10.Bxd4 exd4 11.Nd5 c5 12.Nxf6+ Bxf6 13.O-O O-O 14.Bd5 Rb8 15.a4
Be6 16.Bxe6 fxe6 17.axb5 axb5 18.Ra3 Qc7 19.Qa1 c4 20.Qa2 d5 21.Re1 Qf4 
22.b3 Be7 23.Ra6 Bb4 24.Rd1 dxe4 25.dxe4 Qxe4 26.Rxd4 {45...0-1} 0-1

[Event "20th EUR-ch"]
[Site "Skopje MKD"]
[Date "2019.03.22"]
[Round "5"]
[White "Ozenir, Ekin Baris"]
[Black "Ivankovic, Ivo"]
[Result "1-0"]
[WhiteElo "2265"]
[BlackElo "2109"]
[EventDate "2019.03.18"]
[Board "150"]
[PlyCount "71"]

1.d4 d5 2.c4 c6 3.Nf3 Nf6 4.Nbd2 Bf5 5.g3 e6 6.Bg2 Nbd7 7.Nh4 Bg6 8.Nxg6 
hxg6 9.O-O Bd6 10.b3 Qa5 11.Bb2 Bb4 12.Nf3 Bc3 13.Qc2 Bxb2 14.Qxb2 Ne4 15.
Rac1 O-O 16.Rfd1 Rac8 17.Ne1 Nd6 18.c5 Nf5 19.b4 Qa6 20.Bf1 b5 21.a4 Qb7 
22.Ra1 a6 23.e3 Rfe8 24.Nf3 Qc7 25.Bh3 Rb8 26.axb5 axb5 27.Ra6 Rb7 28.Rda1
Reb8 29.Nd2 Ne7 30.Nb3 Rc8 31.R1a2 Nb8 32.R6a3 Nd7 33.Qa1 g5 34.f4 Nf6 35.
Nd2 Ne4 36.Nf3 {45...1-0} 1-0

[Event "20th EUR-ch"]
[Site "Skopje MKD"]
[Date "2019.03.22"]
[Round "5"]
[White "Gueci, Tea"]
[Black "Gebigke, Martin"]
[Result "1-0"]
[WhiteElo "2252"]
[BlackElo "2078"]
[EventDate "2019.03.18"]
[Board "151"]
[PlyCount "89"]

1.e4 c5 2.Nf3 d6 3.d4 cxd4 4.Nxd4 Nf6 5.Nc3 a6 6.h3 e6 7.g4 Nfd7 8.Bg2 Be7
9.Be3 Nc6 10.h4 O-O 11.g5 Nxd4 12.Qxd4 b5 13.f4 Bb7 14.O-O Rc8 15.a4 Rc4 
16.Qd3 Qc8 17.axb5 axb5 18.Nxb5 Rxc2 19.Rf2 Rxf2 20.Bxf2 Nc5 21.Qe3 Qc6 
22.Nd4 Qb6 23.b3 Ra8 24.Rxa8+ Bxa8 25.Bf3 Qb7 26.e5 d5 27.f5 Qa6 28.f6 Bf8
29.h5 g6 30.hxg6 hxg6 31.Be2 Qb7 32.Bg4 Qa6 33.Be2 Qa1+ 34.Kh2 Qb1 35.Bf3 
Bb7 36.Be2 Qa2 37.Bf3 Qb2 38.Kg3 Ba6 39.Bg1 Bd3 40.Qf2 Qc1 41.Qe3 Qb1 42.
Nc6 Ne4+ 43.Bxe4 Bxe4 44.Ne7+ Kh7 45.Kf4 1-0

[Event "20th EUR-ch"]
[Site "Skopje MKD"]
[Date "2019.03.22"]
[Round "5"]
[White "Doncevic, Dario"]
[Black "Angun, Batu"]
[Result "1/2-1/2"]
[WhiteElo "2249"]
[BlackElo "2076"]
[EventDate "2019.03.18"]
[Board "152"]
[PlyCount "35"]

1.g3 Nf6 2.Bg2 d5 3.d3 e5 4.Nf3 Nc6 5.a3 a5 6.O-O Bf5 7.Nbd2 Qd7 8.c4 dxc4
9.Nxc4 Bd6 10.Bg5 Qe6 11.Ne3 O-O 12.Nxf5 Qxf5 13.Bxf6 Qxf6 14.Qa4 e4 15.
Nd2 exd3 16.exd3 Qxb2 17.Nc4 Qd4 18.Bxc6 1/2-1/2

[Event "20th EUR-ch"]
[Site "Skopje MKD"]
[Date "2019.03.22"]
[Round "5"]
[White "Heinemann, Josefine"]
[Black "Peycheva, Gergana"]
[Result "1-0"]
[WhiteElo "2238"]
[BlackElo "2065"]
[EventDate "2019.03.18"]
[Board "153"]
[PlyCount "57"]

1.e4 e6 2.d4 d5 3.Nd2 c5 4.Ngf3 cxd4 5.exd5 Qxd5 6.Bc4 Qd7 7.O-O Nc6 8.Nb3
a6 9.Nbxd4 Nxd4 10.Nxd4 Qc7 11.Bb3 Bd6 12.Qh5 Nf6 13.Qh4 Bd7 14.Bg5 O-O-O 
15.Bxf6 gxf6 16.Rfd1 Kb8 17.Rd3 e5 18.Ne2 Bc6 19.Nc3 Rhg8 20.Nd5 Qc8 21.g3
f5 22.Rad1 f4 23.Nxf4 exf4 24.Rxd6 fxg3 25.Qxd8 gxh2+ 26.Kxh2 Rg2+ 27.Kh1 
Rg8+ 28.Rxc6 Rxd8 29.Rxc8+ 1-0

[Event "20th EUR-ch"]
[Site "Skopje MKD"]
[Date "2019.03.22"]
[Round "5"]
[White "Pantovic, Dragan M"]
[Black "Sukovic, Andrej"]
[Result "1/2-1/2"]
[WhiteElo "2063"]
[BlackElo "2235"]
[EventDate "2019.03.18"]
[Board "154"]
[PlyCount "56"]

1.d4 Nf6 2.c4 g6 3.g3 Bg7 4.Bg2 O-O 5.Nf3 d6 6.O-O Nc6 7.Nc3 a6 8.h3 Bd7 
9.e4 e5 10.dxe5 dxe5 11.Be3 Be6 12.Qa4 Qd3 13.Nd5 b5 14.Qd1 bxc4 15.Nxc7 
Qxd1 16.Rfxd1 Rab8 17.Nxe6 fxe6 18.Rdc1 Nb4 19.Rxc4 Rfc8 20.Rxc8+ Rxc8 21.
a3 Nd3 22.b4 Nxe4 23.Bf1 Nexf2 24.Bxf2 Nxf2 25.Kxf2 e4 26.Rd1 Rf8 27.Be2 
Bb2 28.g4 Bc3 1/2-1/2

[Event "20th EUR-ch"]
[Site "Skopje MKD"]
[Date "2019.03.22"]
[Round "5"]
[White "Veljanoski, Andrej"]
[Black "Milikow, Elie"]
[Result "0-1"]
[WhiteElo "2063"]
[BlackElo "2226"]
[EventDate "2019.03.18"]
[Board "155"]
[PlyCount "70"]

1.e4 c5 2.c4 Nc6 3.Ne2 e5 4.g3 d6 5.Bg2 g6 6.Nbc3 Bg7 7.d3 Nge7 8.O-O O-O 
9.a3 a5 10.Bd2 Nd4 11.f4 Bd7 12.Nxd4 exd4 13.Nd5 Nxd5 14.cxd5 f5 15.Re1 
fxe4 16.dxe4 Qc7 17.Rc1 b5 18.Bf3 c4 19.Bg4 Bxg4 20.Qxg4 c3 21.bxc3 dxc3 
22.Be3 b4 23.Qe6+ Kh8 24.e5 dxe5 25.d6 Qc6 26.Red1 Rae8 27.Qa2 exf4 28.
Bxf4 b3 29.Qxb3 Re2 30.Rd5 Rb2 31.Qd1 Qb6+ 32.Kh1 Qf2 33.Rd2 Rxd2 34.Bxd2 
cxd2 35.Rb1 Re8 0-1

[Event "20th EUR-ch"]
[Site "Skopje MKD"]
[Date "2019.03.22"]
[Round "5"]
[White "Krstev, Emil"]
[Black "Sahin, Ozgun"]
[Result "0-1"]
[WhiteElo "2050"]
[BlackElo "2221"]
[EventDate "2019.03.18"]
[Board "156"]
[PlyCount "106"]

1.d4 g6 2.c4 Bg7 3.Nc3 d6 4.e4 Nc6 5.Be3 e5 6.d5 Nce7 7.c5 Nf6 8.Bb5+ Nd7 
9.cxd6 cxd6 10.Qd2 O-O 11.Bh6 f5 12.Bxg7 Kxg7 13.h4 fxe4 14.Nxe4 Nf6 15.
Nxf6 Rxf6 16.h5 Bf5 17.Nf3 Rc8 18.Ba4 Rc4 19.Bb3 Re4+ 20.Kf1 Bg4 21.hxg6 
h5 22.Ng5 Re2 23.Qxe2 Bxe2+ 24.Kxe2 Qb6 25.Ne4 Qb5+ 26.Ke1 Qb4+ 27.Nc3 Qd4
28.Nd1 Nxg6 29.Rc1 Nf4 30.Rc7+ Rf7 31.Rxf7+ Kxf7 32.Ne3 Qxb2 33.Kf1 Qb1+ 
34.Bd1 Nxd5 35.Ke1 Nc3 36.Rxh5 Nxd1 37.Nxd1 Qxa2 38.g4 b5 39.Rh7+ Kg6 40.
Rd7 d5 41.Ne3 d4 42.Nf5 Qb1+ 43.Kd2 Qa2+ 44.Ke1 b4 45.Nh4+ Kg5 46.Nf3+ 
Kxg4 47.Nxe5+ Kf5 48.f4 Kxf4 49.Ng6+ Kg5 50.Nf8 b3 51.Ne6+ Kf6 52.Nxd4 b2 
53.Rd6+ Ke5 0-1

[Event "20th EUR-ch"]
[Site "Skopje MKD"]
[Date "2019.03.22"]
[Round "5"]
[White "Stoinev, Metodi"]
[Black "Terziev, Dimo"]
[Result "0-1"]
[WhiteElo "2215"]
[BlackElo "2041"]
[EventDate "2019.03.18"]
[Board "158"]
[PlyCount "60"]

1.e4 e6 2.d4 d5 3.Nd2 c5 4.Ngf3 Nc6 5.exd5 exd5 6.Bb5 cxd4 7.O-O Bd6 8.h3 
Ne7 9.Nb3 O-O 10.Nbxd4 Bd7 11.c3 h6 12.Bd3 Ng6 13.Re1 a6 14.Be3 f5 15.Bc2 
Qf6 16.Nxc6 bxc6 17.Bd4 Qf7 18.Ne5 Nxe5 19.Bxe5 Bc5 20.b4 Bb6 21.Qd2 Rfe8 
22.Qf4 a5 23.a3 axb4 24.axb4 Rxa1 25.Rxa1 g5 26.Qh2 Qe6 27.Re1 Bc7 28.f4 
gxf4 29.g3 Bxe5 30.gxf4 Bd4+ 0-1

[Event "20th EUR-ch"]
[Site "Skopje MKD"]
[Date "2019.03.22"]
[Round "5"]
[White "Van Dael, Siem"]
[Black "Vetokhin, Savva"]
[Result "1-0"]
[WhiteElo "2207"]
[BlackElo "2022"]
[EventDate "2019.03.18"]
[Board "159"]
[PlyCount "85"]

1.e4 c5 2.Nf3 Nc6 3.d4 cxd4 4.Nxd4 Nf6 5.Nc3 d6 6.Bg5 e6 7.Qd2 Be7 8.O-O-O
O-O 9.f3 Nxd4 10.Qxd4 a6 11.h4 b5 12.h5 e5 13.Qd3 Be6 14.Be3 b4 15.Nd5 
Nxd5 16.exd5 Bd7 17.f4 f5 18.fxe5 dxe5 19.d6 Bf6 20.Qd5+ Kh8 21.h6 g6 22.
Bc4 a5 23.Bb5 a4 24.Qb7 Bxb5 25.Qxb5 b3 26.cxb3 axb3 27.Qxb3 f4 28.Bb6 Qd7
29.Qd5 Rab8 30.Bc7 Rb5 31.Qe4 Bd8 32.Bxd8 Rxd8 33.Kb1 Rdb8 34.b3 Qe6 35.
Rh3 Qd7 36.Rc3 Qg4 37.Rcd3 Qd7 38.Rd5 Re8 39.Rxb5 Qxb5 40.d7 Rd8 41.Qa8 
Rxa8 42.d8=Q+ Qe8 43.Qf6+ 1-0

[Event "20th EUR-ch"]
[Site "Skopje MKD"]
[Date "2019.03.22"]
[Round "5"]
[White "Andolfatto, Maria"]
[Black "Eric, Jovana"]
[Result "0-1"]
[WhiteElo "2033"]
[BlackElo "2205"]
[EventDate "2019.03.18"]
[Board "160"]
[PlyCount "82"]

1.Nf3 f5 2.c4 Nf6 3.g3 e6 4.Bg2 d5 5.b3 c6 6.Bb2 Bd6 7.O-O O-O 8.d3 Qe7 9.
Nbd2 e5 10.c5 Bc7 11.e4 fxe4 12.dxe4 dxe4 13.Ne1 Bg4 14.Qc2 Be2 15.Rc1 
Bxf1 16.Bxf1 e3 17.fxe3 Nbd7 18.Bg2 Kh8 19.Nd3 Rad8 20.e4 Ng4 21.Nf3 Ne3 
22.Qe2 Nxg2 23.Kxg2 Rf7 24.Qe3 Rdf8 25.Nde1 Kg8 26.Rc2 Nf6 27.Bc1 h6 28.
Qe2 Nh5 29.Be3 Qf6 30.Kh1 Qg6 31.Bg1 Nf6 32.Rc4 Qg4 33.Qg2 Nh5 34.Nd2 Qd1 
35.Nd3 Rd8 36.Rc1 Qg4 37.Ne1 Rfd7 38.Nef3 Rd3 39.Re1 Ba5 40.Re2 Bxd2 41.
Nxd2 Rxg3 0-1

[Event "20th EUR-ch"]
[Site "Skopje MKD"]
[Date "2019.03.22"]
[Round "5"]
[White "Gunduz, Umut Erdem"]
[Black "Velkovski, Kristijan"]
[Result "1/2-1/2"]
[WhiteElo "2205"]
[BlackElo "2003"]
[EventDate "2019.03.18"]
[Board "161"]
[PlyCount "86"]

1.e4 e5 2.Nf3 Nc6 3.Bb5 a6 4.Ba4 Nf6 5.O-O b5 6.Bb3 Bc5 7.a4 Rb8 8.c3 d6 
9.d4 Bb6 10.axb5 axb5 11.Na3 Bg4 12.Nxb5 exd4 13.Nbxd4 Nxd4 14.cxd4 Bxf3 
15.gxf3 O-O 16.Be3 Kh8 17.Kh1 c5 18.dxc5 Bxc5 19.Bxc5 dxc5 20.Qxd8 Rfxd8 
21.Bxf7 Rxb2 22.Rfd1 Rf8 23.e5 Rxf7 24.Rd8+ Ng8 25.Raa8 h6 26.Rxg8+ Kh7 
27.e6 Re7 28.Rh8+ Kg6 29.Ra6 Rxf2 30.Rf8 c4 31.Kg1 Rd2 32.Rc6 c3 33.Rfc8 
c2 34.Rxc2 Rxc2 35.Rxc2 Rxe6 36.Kf2 Ra6 37.Kg3 Ra5 38.Rc7 Rg5+ 39.Kf4 Rf5+
40.Ke4 Rh5 41.Rc6+ Kf7 42.Rc2 Rh4+ 43.Ke5 Rh5+ 1/2-1/2

[Event "20th EUR-ch"]
[Site "Skopje MKD"]
[Date "2019.03.22"]
[Round "5"]
[White "Filip, Andrei"]
[Black "Schnabel, Ralf"]
[Result "1/2-1/2"]
[WhiteElo "1894"]
[BlackElo "2205"]
[EventDate "2019.03.18"]
[Board "162"]
[PlyCount "69"]

1.e4 c5 2.Nf3 d6 3.d4 cxd4 4.Nxd4 Nf6 5.Nc3 g6 6.Be3 Bg7 7.f3 a6 8.Qd2 h5 
9.O-O-O b5 10.Kb1 Bb7 11.Be2 Nbd7 12.a3 Ne5 13.h3 Qc7 14.g4 Nc4 15.Bxc4 
Qxc4 16.g5 Nd7 17.f4 Rc8 18.Rhf1 O-O 19.f5 Be5 20.Bf4 Nc5 21.Rfe1 Rfd8 22.
Qe3 b4 23.axb4 Qxb4 24.Nd5 Bxd5 25.exd5 Na4 26.Qb3 Qxb3 27.cxb3 Bxf4 28.
bxa4 Bxg5 29.fxg6 Bf6 30.Nc6 Rd7 31.gxf7+ Kxf7 32.Rc1 Rg8 33.Rg1 Rb7 34.b4
Rxg1 35.Rxg1 1/2-1/2

[Event "20th EUR-ch"]
[Site "Skopje MKD"]
[Date "2019.03.22"]
[Round "5"]
[White "Milikow, Yoav"]
[Black "Bytyqi, Gzim"]
[Result "1-0"]
[WhiteElo "2200"]
[BlackElo "1994"]
[EventDate "2019.03.18"]
[Board "163"]
[PlyCount "93"]

1.d4 Nf6 2.c4 g6 3.Nc3 d5 4.cxd5 Nxd5 5.e4 Nxc3 6.bxc3 Bg7 7.Qa4+ Qd7 8.
Bb5 c6 9.Be2 a5 10.Nf3 b5 11.Qa3 Qg4 12.O-O Ba6 13.Re1 Bb7 14.Bd2 Qc8 15.
Rab1 Nd7 16.d5 O-O 17.dxc6 Bxc6 18.Bxb5 Re8 19.c4 a4 20.h4 h5 21.Bb4 e6 
22.Bd6 Nf6 23.Ne5 Bxe4 24.Bxe8 Qxe8 25.Rb6 Qd8 26.c5 Bd5 27.Reb1 Nd7 28.
Nxd7 Qxd7 29.Rb8+ Kh7 30.Rxa8 Bxa8 31.Rb6 Bd5 32.Rb4 Bc6 33.Qg3 f6 34.Qh3 
Bd5 35.a3 Bh6 36.Qd3 Bg7 37.Qa6 Bc6 38.Rb6 Bd5 39.Bg3 e5 40.Rd6 Qf7 41.c6 
f5 42.Bxe5 Be6 43.Bxg7 Qxg7 44.Rxe6 Qa1+ 45.Kh2 Qxa3 46.Qb7+ Kh6 47.Qf7 
1-0

[Event "20th EUR-ch"]
[Site "Skopje MKD"]
[Date "2019.03.22"]
[Round "5"]
[White "Martinkus, Rolandas"]
[Black "Karaoglan, Kivanc"]
[Result "1-0"]
[WhiteElo "2185"]
[BlackElo "1943"]
[EventDate "2019.03.18"]
[Board "164"]
[PlyCount "97"]

1.d4 Nf6 2.c4 g6 3.Nc3 Bg7 4.e4 d6 5.Bd3 O-O 6.Nge2 c5 7.d5 e6 8.O-O exd5 
9.cxd5 Re8 10.Ng3 Na6 11.h3 Nc7 12.a4 b6 13.Re1 a6 14.f4 Rb8 15.Bf1 Nd7 
16.e5 dxe5 17.f5 Rf8 18.d6 Ne8 19.Nce4 Ndf6 20.fxg6 fxg6 21.Bc4+ Kh8 22.
Bg5 b5 23.axb5 axb5 24.Bf1 c4 25.Nxf6 Bxf6 26.Bh6 Bg7 27.Bxg7+ Kxg7 28.Ne4
Nf6 29.Ng5 Re8 30.Ra7+ Rb7 31.Ra8 Rd7 32.b3 Rxd6 33.Qa1 Qb6+ 34.Kh1 Qd4 
35.Qa5 Bd7 36.Rxe8 Bxe8 37.Qc7+ Bd7 38.bxc4 bxc4 39.Bxc4 Qd2 40.Rf1 Rc6 
41.Qxe5 Qd6 42.Ne6+ Bxe6 43.Qxf6+ Kh6 44.Bxe6 Qxe6 45.Qf8+ Kh5 46.g4+ Kh4 
47.Qf2+ Kg5 48.h4+ Kxg4 49.Qf4+ 1-0

[Event "20th EUR-ch"]
[Site "Skopje MKD"]
[Date "2019.03.22"]
[Round "5"]
[White "Miftari, Hedon"]
[Black "Ivic, Mateo"]
[Result "1/2-1/2"]
[WhiteElo "1527"]
[BlackElo "2183"]
[EventDate "2019.03.18"]
[Board "165"]
[PlyCount "41"]

1.e4 e5 2.Nf3 Nc6 3.Bb5 f5 4.d3 fxe4 5.dxe4 Nf6 6.O-O Bc5 7.Bxc6 bxc6 8.
Nxe5 O-O 9.Nd3 Nxe4 10.Nxc5 Nxc5 11.Be3 Ne6 12.b3 d5 13.c4 d4 14.Bc1 c5 
15.f3 Bb7 16.Re1 Qf6 17.Qe2 Rae8 18.Qf2 Qg6 19.Qg3 Qf6 20.Bd2 Qf5 21.Re5 
1/2-1/2

[Event "20th EUR-ch"]
[Site "Skopje MKD"]
[Date "2019.03.22"]
[Round "5"]
[White "Isik, Alparslan"]
[Black "Hart, Alexander"]
[Result "1-0"]
[WhiteElo "2180"]
[BlackElo "1885"]
[EventDate "2019.03.18"]
[Board "166"]
[PlyCount "59"]

1.d4 d5 2.Nf3 Nf6 3.Bg5 Ne4 4.Bf4 c5 5.e3 Nc6 6.dxc5 Nxc5 7.c4 Be6 8.cxd5 
Bxd5 9.Nc3 Bxf3 10.Qxf3 e5 11.Rd1 Qb6 12.Bg3 Qxb2 13.Nd5 Ne6 14.Qg4 Rd8 
15.Bc4 h5 16.Qf5 Bb4+ 17.Kf1 h4 18.Rb1 Qd2 19.Nc7+ Ke7 20.Nxe6 hxg3 21.
Nxd8 Kxd8 22.Qd3+ Qxd3+ 23.Bxd3 Rxh2 24.Rxh2 gxh2 25.Ke2 Bd6 26.Rh1 Nb4 
27.Bc4 e4 28.Bxf7 Ke7 29.Bc4 Nc6 30.g3 1-0

[Event "20th EUR-ch"]
[Site "Skopje MKD"]
[Date "2019.03.22"]
[Round "5"]
[White "Veleski, Robert"]
[Black "Batkoski, Nenad"]
[Result "1-0"]
[WhiteElo "2177"]
[BlackElo "1846"]
[EventDate "2019.03.18"]
[Board "167"]
[PlyCount "123"]

1.e4 e5 2.Nf3 Nc6 3.Bb5 a6 4.Bxc6 dxc6 5.Nc3 Bd6 6.d4 f6 7.dxe5 fxe5 8.
Nxe5 Qe7 9.Nc4 Bb4 10.Qh5+ g6 11.Qe5 Qxe5 12.Nxe5 Nf6 13.f3 Bxc3+ 14.bxc3 
Be6 15.Bg5 Nd7 16.Nd3 h6 17.Be3 O-O-O 18.O-O Rde8 19.Rfd1 g5 20.a3 Bc4 21.
Rd2 Rhg8 22.Rad1 Be6 23.Kf2 Ref8 24.h4 Rf7 25.hxg5 hxg5 26.Nc5 Nxc5 27.
Bxc5 Rh7 28.Be3 b6 29.g4 Rh3 30.Rg1 c5 31.Rg3 Rh1 32.Rg1 Rh3 33.Rdd1 Rf8 
34.Rg3 Rh2+ 35.Kg1 Rfh8 36.Rd2 Rh1+ 37.Kf2 Rg8 38.Kg2 Rgh8 39.Bg1 Bc4 40.
Kf2 Rg8 41.Ke3 Rgh8 42.Rgg2 Rg8 43.Rg3 Rgh8 44.Rf2 a5 45.f4 gxf4+ 46.Rxf4 
R1h3 47.Bf2 Be6 48.g5 Rxg3+ 49.Bxg3 Rg8 50.Rf6 Kd7 51.g6 c6 52.Kf4 a4 53.
Bf2 Bb3 54.Kg5 Bxc2 55.e5 Bb3 56.Rd6+ Kc7 57.Bg3 Bc2 58.Kh6 Rh8+ 59.Kg7 
Rh3 60.Bf4 Rf3 61.Rf6 Rxc3 62.e6+ 1-0

[Event "20th EUR-ch"]
[Site "Skopje MKD"]
[Date "2019.03.22"]
[Round "5"]
[White "Krstevski, Vladimir"]
[Black "Hesse, Henrik"]
[Result "0-1"]
[WhiteElo "1451"]
[BlackElo "2165"]
[EventDate "2019.03.18"]
[Board "168"]
[PlyCount "94"]

1.d4 Nf6 2.c4 g6 3.Nc3 Bg7 4.e4 d6 5.Bd3 e5 6.d5 Nbd7 7.Nge2 O-O 8.Ng3 Ne8
9.Be3 b6 10.O-O Nc5 11.Bc2 f5 12.f4 Qh4 13.Qd2 Nf6 14.fxe5 Ng4 15.h3 Nxe3 
16.Qxe3 f4 17.Qd2 Qxg3 18.Rf3 Qg5 19.e6 a6 20.Raf1 Nxe6 21.dxe6 Bxe6 22.b3
Qa5 23.a4 Be5 24.Qd3 c6 25.Na2 b5 26.cxb5 axb5 27.Nc1 Rab8 28.Ne2 g5 29.
Nd4 Qb6 30.Rd1 c5 31.a5 Qa7 32.Nc6 c4+ 33.Nxa7 cxd3 34.Bxd3 Bd4+ 35.Kh2 
Bxa7 36.b4 Be3 37.Be2 Rfd8 38.Rff1 Bc4 39.Rfe1 Bxe2 40.Rxe2 Kg7 41.Rd5 h6 
42.Rc2 Rbc8 43.Rxc8 Rxc8 44.Rxb5 Rc1 45.h4 g4 46.g3 Rc2+ 47.Kh1 fxg3 0-1

[Event "20th EUR-ch"]
[Site "Skopje MKD"]
[Date "2019.03.22"]
[Round "5"]
[White "Roch, Florian"]
[Black "Arsovic, Zoran"]
[Result "1/2-1/2"]
[WhiteElo "1916"]
[BlackElo "2422"]
[EventDate "2019.03.18"]
[Board "169"]
[PlyCount "64"]

1.e4 c5 2.Nf3 d6 3.d4 cxd4 4.Nxd4 Nf6 5.Nc3 a6 6.f3 e6 7.Be3 h5 8.Qd2 Be7 
9.O-O-O b5 10.Kb1 Bb7 11.Bd3 Nbd7 12.Rhe1 Rc8 13.a3 g6 14.g3 e5 15.Nb3 Kf8
16.h3 Kg7 17.f4 h4 18.g4 exf4 19.Bxf4 Ne5 20.Qe2 Nfd7 21.Nd5 Bg5 22.Rf1 
Bxd5 23.exd5 Nxd3 24.Qxd3 Bxf4 25.Rxf4 Ne5 26.Qf1 Rc4 27.Nd4 Qc7 28.c3 Rc5
29.Nb3 Rc4 30.Nd4 Rb8 31.Qf2 Qe7 32.Rf1 Rb7 1/2-1/2

[Event "20th EUR-ch"]
[Site "Skopje MKD"]
[Date "2019.03.22"]
[Round "5"]
[White "Ongut, Tamas Gunes"]
[Black "Bejatovic, Bojana"]
[Result "1-0"]
[WhiteElo "2197"]
[BlackElo "2058"]
[EventDate "2019.03.18"]
[Board "170"]
[PlyCount "68"]

1.Nf3 Nf6 2.g3 d5 3.Bg2 c6 4.O-O Bg4 5.h3 Bxf3 6.Bxf3 e5 7.d3 Bc5 8.c4 Qc7
9.cxd5 cxd5 10.Nc3 Qd7 11.Bg2 Nc6 12.a3 O-O 13.b4 Bd4 14.Bb2 e4 15.b5 Ne7 
16.Qa4 Be5 17.dxe4 Nxe4 18.Bxe4 dxe4 19.Qxe4 Qd2 20.Qxe5 Ng6 21.Ne4 Qd7 
22.Qh5 Rfe8 23.Rfd1 Qe7 24.f3 Rad8 25.Qc5 Qxc5+ 26.Nxc5 b6 27.Rxd8 Rxd8 
28.Nd3 Ne7 29.Rc1 Rc8 30.Rxc8+ Nxc8 31.Kf2 Nd6 32.a4 Nc4 33.e4 f6 34.Kg2 
Kf7 1-0

[Event "20th EUR-ch"]
[Site "Skopje MKD"]
[Date "2019.03.22"]
[Round "5"]
[White "Hadzi-Manev, Ljubomir"]
[Black "Marinskii, Yurii"]
[Result "0-1"]
[WhiteElo "2030"]
[BlackElo "2156"]
[EventDate "2019.03.18"]
[Board "171"]
[PlyCount "90"]

1.d4 d5 2.Bf4 Nf6 3.e3 Bf5 4.c4 c6 5.Nc3 e6 6.Qb3 Qb6 7.c5 Qxb3 8.axb3 
Nbd7 9.b4 Nh5 10.Bg5 h6 11.Bh4 g5 12.Be2 Ndf6 13.Bg3 Nxg3 14.hxg3 Bg7 15.
b5 Ne4 16.Nf3 Nxc3 17.bxc3 Kd7 18.O-O cxb5 19.Bxb5+ Kc7 20.Ra2 Bf6 21.Rfa1
a6 22.Nd2 e5 23.e4 Be6 24.exd5 Bxd5 25.c4 Bc6 26.Bxc6 Kxc6 27.d5+ Kc7 28.
Ne4 Bg7 29.Rb1 Rhb8 30.Rb6 a5 31.g4 a4 32.Rb4 a3 33.Nc3 Bf8 34.Na4 Rxa4 
35.Rxa4 Bxc5 36.Kf1 b5 37.Ra5 Kd6 38.Ra6+ Kd7 39.cxb5 Rxb5 40.R6xa3 Bxa3 
41.Rxa3 Rxd5 42.Ke2 Rd4 43.Rh3 Rxg4 44.g3 Re4+ 45.Kf3 g4+ 0-1

[Event "20th EUR-ch"]
[Site "Skopje MKD"]
[Date "2019.03.22"]
[Round "5"]
[White "Huttl, Sofie"]
[Black "Trajkovski, Mile"]
[Result "1/2-1/2"]
[WhiteElo "1741"]
[BlackElo "2105"]
[EventDate "2019.03.18"]
[Board "172"]
[PlyCount "45"]

1.e4 a6 2.d4 b5 3.Nf3 Bb7 4.Bd3 e6 5.O-O c5 6.b3 Qc7 7.dxc5 Bxc5 8.Bb2 Nf6
9.Nbd2 d6 10.e5 Ng4 11.Qe2 Nd7 12.exd6 Bxd6 13.h3 Nh2 14.Rfe1 Nxf3+ 15.
Nxf3 O-O 16.Ng5 h6 17.Qh5 Be5 18.Bxe5 Nxe5 19.Rxe5 f6 20.Qg6 fxg5 21.Qh7+ 
Kf7 22.Qg6+ Kg8 23.Qh7+ 1/2-1/2

[Event "20th EUR-ch"]
[Site "Skopje MKD"]
[Date "2019.03.22"]
[Round "5"]
[White "Caglar, Sila"]
[Black "Kocyigit, Buse Naz"]
[Result "0-1"]
[WhiteElo "2094"]
[BlackElo "1973"]
[EventDate "2019.03.18"]
[Board "173"]
[PlyCount "86"]

1.e4 c5 2.Nc3 d6 3.d4 cxd4 4.Qxd4 Nc6 5.Qd2 e6 6.b3 Be7 7.Bb2 Nf6 8.O-O-O 
O-O 9.f4 a6 10.g4 b5 11.g5 Ne8 12.Nf3 Bb7 13.h4 b4 14.Ne2 Qa5 15.Kb1 d5 
16.exd5 Rd8 17.Nfd4 Nxd4 18.Nxd4 Bxd5 19.Rh3 Nd6 20.c4 Bb7 21.Bd3 Nf5 22.
Nxf5 exf5 23.Re3 Bd6 24.Be5 Bc5 25.Rg3 Bd4 26.Re1 Be4 27.Bxd4 Rxd4 28.Ree3
Rfd8 29.Rh3 Qc5 30.Kc2 a5 31.Kc1 Qd6 32.Kc2 Qxf4 33.Qe2 Qd6 34.h5 a4 35.h6
g6 36.Kd2 axb3 37.axb3 Ra8 38.Ke1 Ra1+ 39.Kf2 Qf4+ 40.Ref3 Qxg5 41.Rhg3 
Qd8 42.Qb2 Rh1 43.Rh3 Bxf3 0-1

[Event "20th EUR-ch"]
[Site "Skopje MKD"]
[Date "2019.03.22"]
[Round "5"]
[White "Taleski, Vaso"]
[Black "Janjic, Stefan"]
[Result "1/2-1/2"]
[WhiteElo "1677"]
[BlackElo "2086"]
[EventDate "2019.03.18"]
[Board "174"]
[PlyCount "91"]

1.e4 e6 2.d4 d5 3.Nc3 Nf6 4.Bg5 Be7 5.e5 Nfd7 6.Bxe7 Qxe7 7.Nb5 Nb6 8.Bd3 
a6 9.Nc3 Nc6 10.Qg4 f5 11.exf6 Qxf6 12.Nf3 Bd7 13.O-O-O O-O-O 14.Qg5 h6 
15.Qxf6 gxf6 16.Rhe1 Rhg8 17.Bf1 Kb8 18.a3 Na5 19.b3 Nc6 20.Kb2 Rge8 21.
Re3 Ne7 22.Bd3 Nec8 23.Rde1 Nd6 24.a4 a5 25.Nh4 Rc8 26.f4 c5 27.Nb5 Nxb5 
28.Bxb5 cxd4 29.Bxd7 dxe3 30.Bxc8 Kxc8 31.Rxe3 Kd7 32.Rg3 e5 33.fxe5 fxe5 
34.Rg7+ Re7 35.Rxe7+ Kxe7 36.Nf5+ Ke6 37.Nxh6 d4 38.Kc1 e4 39.Kd2 Nd5 40.
g3 Nb4 41.Ng4 Nd5 42.h3 Kf5 43.Nh6+ Kg5 44.Ng4 Kf5 45.Nh6+ Kg5 46.Ng4 
1/2-1/2